Violencia obstétrica : perspectiva jurídica del parto /

Bibliographic Details
Main Authors: Cruz Claros, Angie Vanessa (Author), Gómez Bolaños, Natalia (Author)
Format: Electronic eBook
Language:Spanish
Published: Popayán, Colombia : Editorial Universidad del Cauca, 2024.
Edition:Primera edición en español.
Subjects:
Online Access:Digitalia Hispánica

MARC

LEADER 00000nam a2200000Ii 4500
001 DIGUCAUCA0174
003 NyNyDIG
006 m o d
007 cr |||||||||||
008 250611s2024 ck a ob 000 0 spa d
035 |a (OCoLC)1517262904 
040 |a DGITA  |b eng  |e rda  |e pn  |c DGITA 
020 |a 9789587326659  |q digital 
020 |z 9789587326642  |q impreso 
043 |a s-ck--- 
050 1 4 |a KHK3115 ebook 
100 1 |a Cruz Claros, Angie Vanessa,  |e author. 
245 1 0 |a Violencia obstétrica :  |b perspectiva jurídica del parto /  |c Angie Vanessa Cruz Claros, Natalia Gómez Bolaños. 
250 |a Primera edición en español. 
264 1 |a Popayán, Colombia :  |b Editorial Universidad del Cauca,  |c 2024. 
300 |a 1 online resource :  |b illustrations. 
336 |a text  |b txt  |2 rdacontent 
337 |a computer  |b c  |2 rdamedia 
338 |a online resource  |b cr  |2 rdacarrier 
347 |a text file  |2 rdaft  
347 |b PDF 
504 |a Includes bibliographical references. 
588 0 |a Online resource; title from PDF title page (Digitalia, viewed June 11, 2025) 
650 0 |a Medical personnel  |x Malpractice  |x Law and legislation. 
650 0 |a Childbirth  |x Law and legislation  |z Colombia. 
650 0 |a Medical laws and legislation  |z Colombia. 
700 1 |a Gómez Bolaños, Natalia,  |e author. 
776 0 8 |i Print version:  |a Cruz Claros, Angie Vanessa.  |t Violencia obstétrica.  |b Primera edición en español.  |d Popayán, Colombia : Editorial Universidad del Cauca, 2024  |z 9789587326642 
791 2 |a Digitalia (Firm),  |e distributor. 
793 0 |g Digitalia eBook Collection:  |a Editorial Universidad del Cauca 
856 4 0 |3 Digitalia Hispánica  |u https://www.digitaliapublishing.com/a/173798/ 
910 |a Premium collection: 2025